Croix Rousse - Map Quiz - Statistiques

Statistiques générales
  • Ce quiz a été pris 5 fois
  • Le résultat moyen est 3 sur 61
Réponses sur la Carte
Les réponses sont colorées sur une échelle allant du rouge au vert en fonction du pourcentage des utilisateurs qui les ont devinées à leur premier essai. Vous pouvez retrouver ces pourcentages ci-dessous.
 
Statistiques - réponses
Réponse % Correct
Grande Rue de la Croix-Rousse
100%
Rue Jacques-Louis Henon
50%
Montee Georges Kubler
25%
Rue Coste
25%
Rue de Belfort
25%
Rue de Cuire
25%
Rue Denfert-Rochereau
25%
Rue Eugene Pons
25%
Rue Pailleron
25%
Avenue Cabias
0%
Avenue Cabias
0%
Boulevard des Canuts
0%
Impasse Dubois
0%
Passage Claude-Louis Perret
0%
Passage Dumont
0%
Passage Lamure
0%
Passage Richan
0%
Rue Aimé Boussange
0%
Rue Artaud
0%
Rue Barodet
0%
Rue Bely
0%
Rue Bournes
0%
Rue Calas
0%
Rue Claude-Joseph Bonnet
0%
Rue Claudius Linossier
0%
Rue d"Austerlitz
0%
Rue de la Terrasse
0%
Rue de la Tour du Pin
0%
Rue de Nuits
0%
Rue d'Isly
0%
Rue d'Ivry
0%
Rue du Chariot d'Or
0%
Rue du Gymnase
0%
Rue du Mail
0%
Rue Dumenge
0%
Rue Dumont
0%
Rue du Pavillon
0%
Rue Duviard
0%
Rue Duviard
0%
Rue Edouard Millaud
0%
Rue Gigodot
0%
Rue Grataloup
0%
Rue Henri Gorjus
0%
Rue Jacquard
0%
Rue Janin
0%
Rue Jean Julien
0%
Rue Jean Revel
0%
Rue Josephin Soulary
0%
Rue Louis Thevenet
0%
Rue Pelletier
0%
Rue Perrod
0%
Rue Philibert Roussy
0%
Rue Philippe de Lassalle
0%
Rue Richan
0%
Rue Rosset
0%
Rue Ruplinger
0%
Rue Saint Die
0%
Rue Tabareau
0%
Rue Valentin Couturier
0%
Rue Victor Fort
0%
Rue Villeneuve
0%
Aucun quiz correspondant
Distribution des résultats
% des personnes avec chaque résultat
Percentile par nombre de réponses
Votre historique - résultats
Vous n’avez pas pris ce quiz